| 000 | 00549nam a2200169Ia 4500 | ||
|---|---|---|---|
| 008 | 090201s9999 xx 000 0 und d | ||
| 010 | _aKPL-28754 | ||
| 040 | _bमराठी | ||
| 041 | _aमराठी | ||
| 082 |
_a30743 _b28754 |
||
| 100 | _aना. रा. शेंडे | ||
| 245 |
_aमी आणि माझे लेखन _cना. रा. शेंडे |
||
| 260 |
_c2004 _bश्रीशेष प्रकाशन |
||
| 300 |
_a112 _bमोठा |
||
| 600 | _aमी आणि माझे लेखन | ||
| 942 | _cBOOK | ||
| 999 |
_c229270 _d229270 |
||